[Event "1st WCh-Team Women"]
[Site "Ekaterinburg RUS"]
[Date "2007.05.26"]
[Round "6"]
[White "Le Kieu Thien Kim"]
[Black "Sabure,T"]
[Result "1-0"]
[WhiteElo "2298"]
[BlackElo "2067"]
[EventDate "2007.05.20"]

1. d4 e6 2. Nf3 b6 3. e3 Bb7 4. Bd3 Nf6 5. Nbd2 Be7 6. b3 Nc6 7. a3 d6 8.
Bb2 O-O 9. O-O Qd7 10. c4 Ne8 11. Rc1 Bf6 12. Ne4 Be7 13. Bb1 f5 14. Ng3
Nd8 15. Qe2 g6 16. Rfd1 Bf6 17. e4 f4 18. Nf1 Qe7 19. e5 Bg7 20. h3 Rc8 21.
N1h2 Nf7 22. exd6 cxd6 23. Re1 Nc7 24. b4 Rce8 25. Rcd1 Ng5 26. d5 Bxb2 27.
Qxb2 e5 28. c5 Nf7 29. Ba2 Qd8 30. Ng4 h5 31. cxd6 hxg4 32. dxc7 Qd6 33.
hxg4 Bc8 34. Nh2 Re7 35. Rc1 Rxc7 36. Rxc7 Qxc7 37. Rc1 Qe7 38. Rc6 Nd6 39.
Qc2 e4 40. f3 Bb7 41. Rc7 Qe5 42. fxe4 Qd4+ 43. Qf2 Qa1+ 44. Nf1 Nxe4 45.
d6+ Rf7 46. Bxf7+ Kf8 47. Qh4 Qd4+ 48. Kh2 Nxd6 49. Qd8+ Kg7 50. Qg8+ 1-0

[Event "1st WCh-Team Women"]
[Site "Ekaterinburg RUS"]
[Date "2007.05.26"]
[Round "6"]
[White "Nguyen Thi Thanh An"]
[Black "Mudongo,B"]
[Result "1-0"]
[WhiteElo "2284"]
[BlackElo "1962"]
[EventDate "2007.05.20"]

1. d4 d5 2. c4 e6 3. Nc3 Nf6 4. cxd5 Nxd5 5. e4 Nb6 6. Be3 N8d7 7. Nf3 Be7
8. Rc1 O-O 9. Bd3 Nf6 10. O-O Nbd7 11. e5 Nd5 12. Nxd5 exd5 13. Qc2 h6 14.
Qxc7 Qxc7 15. Rxc7 Bd8 16. Rc2 Nb6 17. Bd2 Bg4 18. Rfc1 Bd7 19. Bb4 Re8 20.
h3 Nc8 21. Nh2 Ne7 22. Bxe7 Rxe7 23. Rc5 Bc6 24. Nf3 Bb6 25. R5c3 Rd8 26.
b4 Bd7 27. Bc2 Ree8 28. Bb3 Bc6 29. a4 a6 30. Kf1 g6 31. Ke2 Kg7 32. Kd3
Ba7 33. Nh2 f6 34. exf6+ Kf8 35. Nf3 Bb8 36. Rxc6 bxc6 37. Rxc6 Kf7 38.
Rxa6 Re6 39. Ra5 Red6 40. Rc5 Kxf6 41. b5 Ba7 42. Rc7 Bb6 43. Rb7 Ba5 44.
Ne5 Rc8 45. Nc6 Be1 46. a5 Bxf2 47. a6 Bg3 48. a7 Rdxc6 49. bxc6 Ke6 50. c7
1-0

[Event "1st WCh-Team Women"]
[Site "Ekaterinburg RUS"]
[Date "2007.05.26"]
[Round "6"]
[White "Ohme,M"]
[Black "Blazkova,P"]
[Result "1/2-1/2"]
[WhiteElo "2225"]
[BlackElo "2237"]
[EventDate "2007.05.20"]

1. e4 d5 2. exd5 Qxd5 3. Nc3 Qa5 4. d4 Nf6 5. Bc4 Bg4 6. f3 Bf5 7. Nge2 h5
8. Bd2 c6 9. Ng3 Bg6 10. Nd5 Qd8 11. Nxf6+ gxf6 12. Qe2 Nd7 13. f4 Nb6 14.
Bb3 Qd7 15. O-O-O h4 16. f5 Bxf5 17. Nxf5 Qxf5 18. Rde1 Qh5 19. Rhf1 Qxe2
20. Rxe2 Bh6 21. Rxf6 Bxd2+ 22. Kxd2 O-O-O 23. Rxe7 Rxd4+ 24. Ke3 Rd7 25.
Rfxf7 Kd8 26. Rxd7+ Nxd7 27. Kf4 Ke8 28. Rg7 Nc5 29. Rg8+ Rxg8 30. Bxg8 Kf8
31. Bb3 a5 32. Kg4 b5 33. c3 Nd3 34. Be6 Ke7 35. Bf5 Nxb2 36. Bc2 Nc4 37.
Kxh4 Ne3 38. Be4 c5 39. Bf3 b4 40. cxb4 axb4 41. Kg5 c4 42. Kf4 b3 43. axb3
Nxg2+ 1/2-1/2

[Event "1st WCh-Team Women"]
[Site "Ekaterinburg RUS"]
[Date "2007.05.26"]
[Round "6"]
[White "Nemcova,Kat"]
[Black "Schoene,Mar"]
[Result "1-0"]
[WhiteElo "2164"]
[BlackElo "2151"]
[EventDate "2007.05.20"]

1. e4 d6 2. d4 Nf6 3. Nc3 g6 4. Nf3 Bg7 5. Be2 O-O 6. O-O Bg4 7. h3 Bxf3 8.
Bxf3 e5 9. Ne2 c6 10. c3 Nbd7 11. g4 h6 12. Bg2 h5 13. Ng3 h4 14. Ne2 Nh7
15. f4 exf4 16. Bxf4 Qe7 17. Qb3 Nb6 18. Rae1 Bf6 19. a4 Rae8 20. a5 Nc8
21. Bh6 Bg7 22. Bd2 a6 23. Nf4 Kh8 24. Nd3 Qc7 25. Qa3 Bf6 26. b4 Bg5 27.
Nf4 Kg7 28. Qc1 Qd8 29. c4 Bf6 30. Bc3 Qc7 31. Qb2 Kh6 32. Nd3 Bg5 33. Re2
Kg7 34. Ne1 Kg8 35. Nf3 Bf6 36. Qd2 c5 37. bxc5 dxc5 38. d5 Bxc3 39. Qxc3
b5 40. e5 b4 41. Qa1 Qd8 42. Qe1 Qxa5 43. Nxh4 Qd8 44. d6 Ng5 45. Re3 Qd7
46. Bd5 Ne6 47. Qf2 Nb6 48. Qg3 Nxd5 49. cxd5 Ng7 50. e6 fxe6 51. Rxf8+
Rxf8 52. Nxg6 Rf6 53. Ne7+ Kf7 54. g5 Rg6 55. Nxg6 Kxg6 56. Qe5 exd5 57.
Qf6+ Kh7 58. Re7 1-0

[Event "1st WCh-Team Women"]
[Site "Ekaterinburg RUS"]
[Date "2007.05.26"]
[Round "6"]
[White "Mkrtchian,L"]
[Black "Hou Yifan"]
[Result "0-1"]
[WhiteElo "2424"]
[BlackElo "2513"]
[EventDate "2007.05.20"]

1. d4 e6 2. c4 Nf6 3. Nc3 Bb4 4. e3 O-O 5. Bd3 d5 6. Nge2 dxc4 7. Bxc4 e5
8. O-O Nc6 9. a3 Bd6 10. Nb5 Be7 11. d5 Na5 12. Ba2 c6 13. Nbc3 c5 14. Qd3
a6 15. Rd1 Bd6 16. Rb1 b5 17. b4 Nb7 18. Ng3 Qe7 19. e4 cxb4 20. axb4 h6
21. Bd2 Bxb4 22. Nxb5 Bxd2 23. d6 Qd8 24. Nc7 Ra7 25. Rxd2 Nxd6 26. Nd5 Nb5
27. Bc4 Nxd5 28. Bxd5 Rd7 29. Nf5 Qf6 30. Qg3 Rfd8 31. Rbd1 Nc7 32. Ne3
Nxd5 33. Nxd5 Qe6 34. h3 Kh8 35. Rb1 Rd6 36. Rc2 Bd7 37. Rbc1 Ba4 38. Rc7
Bd7 39. Ra7 f5 40. f3 Rf8 41. Rcc7 fxe4 42. fxe4 Rf7 43. Rcb7 Kh7 44. Kh2
Rc6 45. Qd3 Rd6 46. Qg3 Qe8 47. Qb3 Rg6 48. Rb8 Qe6 49. Raa8 Rg5 50. Rh8+
Kg6 51. Qa2 Rf6 52. Qd2 Rf3 53. Rxa6 Qxa6 54. Ne7+ Kf7 55. gxf3 Kxe7 56. h4
Rg6 57. Qb2 Qe6 58. Qb4+ Qd6 59. Qc3 0-1

[Event "1st WCh-Team Women"]
[Site "Ekaterinburg RUS"]
[Date "2007.05.26"]
[Round "6"]
[White "Aghabekian,L"]
[Black "Huang Qian"]
[Result "0-1"]
[WhiteElo "2213"]
[BlackElo "2400"]
[EventDate "2007.05.20"]

1. e4 c5 2. Nf3 d6 3. d4 cxd4 4. Nxd4 Nf6 5. Nc3 a6 6. Bg5 e6 7. f4 Be7 8.
Qf3 Qc7 9. O-O-O h6 10. Bh4 Nbd7 11. Be2 b5 12. e5 Bb7 13. Qg3 dxe5 14.
Nxe6 fxe6 15. Qxg7 Rh7 16. Qg6+ Rf7 17. Rxd7 Nxd7 18. Bf2 Nf8 19. Qg8 Rf5
20. Bd3 e4 21. Nxe4 Bxe4 0-1

[Event "1st WCh-Team Women"]
[Site "Ekaterinburg RUS"]
[Date "2007.05.26"]
[Round "6"]
[White "Vasilevich,T"]
[Black "Kovalevskaya,E"]
[Result "1/2-1/2"]
[WhiteElo "2383"]
[BlackElo "2432"]
[EventDate "2007.05.20"]

1. d4 Nf6 2. c4 e6 3. g3 c5 4. Nf3 cxd4 5. Nxd4 Bb4+ 6. Bd2 Bc5 7. Nb3 Be7
8. Bg2 Nc6 9. O-O O-O 10. e4 b6 11. e5 Ne8 12. Nc3 Ba6 13. Qe2 Rc8 14. Nb5
f6 15. f4 Bxb5 16. cxb5 Na5 17. Nd4 Bc5 18. Bc3 Qe7 19. Rac1 fxe5 20. fxe5
Rxf1+ 21. Rxf1 Nc7 22. Kh1 Bxd4 23. Bxd4 Nd5 24. Be4 Nb7 25. Qf3 Nc5 26.
Bxd5 exd5 27. Qxd5+ Ne6 28. Bc3 h6 29. Rd1 Qf7 30. a4 Rc5 31. Qa8+ Kh7 32.
Qe4+ Kg8 33. Kg2 Rc7 34. h4 Qe8 35. Rf1 Rc5 36. Kh2 Qc8 37. Qf5 Qe8 38. Kh3
Rc4 39. a5 bxa5 40. Qd3 Rc5 41. Ra1 Qc8 42. Rxa5 Qb7 43. Kh2 Kh8 44. Qe3
Rc7 45. Rxa7 Qxa7 46. b6 Qb7 47. bxc7 Qxc7 48. Kg1 Kg8 49. Be1 Kf7 50. Bf2
Qb7 51. Qd2 Ke8 52. b4 Qb5 53. Qd6 Kd8 54. Bb6+ Kc8 55. Bf2 Kb7 56. Qe7 Qd5
57. Qf7 Kc6 58. Qe8 Kb7 59. Qf7 Kc6 60. Qe8 Kb7 61. Qf7 1/2-1/2